<?xml version="1.0" encoding="UTF-8"?>
<collection xmlns="http://www.loc.gov/MARC21/slim">
  <record>
    <leader>00000nam  2200000   4500</leader>
    <controlfield tag="001">INLIS000000000015825</controlfield>
    <controlfield tag="005">20230912094719</controlfield>
    <datafield tag="035" ind1="#" ind2="#">
      <subfield code="a">0010-0923000066</subfield>
    </datafield>
    <datafield tag="245" ind1="1" ind2="#">
      <subfield code="a">Membangun Sistem Tata Kelola Pelayanan Informasi Publik dalam Rangka Memperkuat Citra BP2MI Di Mata Publik /</subfield>
      <subfield code="c">Hadi Wahyuningrum</subfield>
    </datafield>
    <datafield tag="100" ind1=" " ind2="#">
      <subfield code="a">Hadi Wahyuningrum</subfield>
    </datafield>
    <datafield tag="250" ind1="#" ind2="#">
      <subfield code="a">1</subfield>
    </datafield>
    <datafield tag="300" ind1="#" ind2="#">
      <subfield code="a">61 halaman :</subfield>
      <subfield code="b">ilus ;</subfield>
      <subfield code="c">30 cm</subfield>
    </datafield>
    <datafield tag="856" ind1="#" ind2="#">
      <subfield code="a">Perpustakaan LAN Pusat</subfield>
    </datafield>
    <datafield tag="260" ind1="#" ind2="#">
      <subfield code="a">Jakarta :</subfield>
      <subfield code="b">Pusbangkom Pimnas dan Manajerial ASN,</subfield>
      <subfield code="c">2022</subfield>
    </datafield>
    <datafield tag="084" ind1="#" ind2="#">
      <subfield code="a">R 143 PIM II 2022</subfield>
    </datafield>
    <datafield tag="650" ind1="#" ind2="4">
      <subfield code="a">Pelayanan</subfield>
    </datafield>
    <datafield tag="520" ind1="#" ind2="#">
      <subfield code="a">Proyek perubahan ini digagas sebagai terobosan dalam upaya berjalannya keterbukaan informasi publik di BP2MI, artinya informasi berkenaan dengan kebijakan, program, dan pelayanan di BP2MI disajikan secara transparan dan mudah diakses oleh publik. Pada akhirnya, hal ini dapat mempercepat perwujudnya pemerintahan yang baik (good governance)), sekaligus turut membentuk citra positif bagi lembaga melahirkan kepercayaan serta dukungan publik terhadap kebijakan lembaga. Keterbukaan informasi publik merupakan langkah strategis dalam mengawal dan mewujudkan tata kelola negara yang bersih, profesional dan berwibawa, serta mengembangkan tatanan masyarakat informasi yang sehat. Kecepatan memberikan layanan informasi yang akurat dalam proses pengambilan kebijakan oleh pimpinan merupakan bagian dari keterbukaan informasi publik.</subfield>
    </datafield>
    <datafield tag="990" ind1="#" ind2="#">
      <subfield code="a">143</subfield>
    </datafield>
  </record>
</collection>
